000 00729nam a2200217 u 4500
005 20240416063958.0
008 130206s2011 r 000 0 eng d
020 _a9786074950847
035 _aUPN01000189397
049 _aCG
050 4 _aHB3531
_bM4.2
100 1 _aMejía Modesto, Alfonso
_933298
245 1 0 _a200 años de política de población en México /
_cAlfonso Mejía Modesto.
260 _aMéxico :
_bGobierno del Estado de México,
_c2011.
300 _a121 p. :
_bil., gráfs., cuadros
440 0 _aBiblioteca mexiquense del bicentenario.
_pMayor V.
_pDocumentos
651 4 _aMEXICO -
_xPOBLACION -
_xHISTORIA
_921753
650 4 _aPolítica de población
_919798
905 _aLibro
999 _c161500
_d161500